Normal view
MARC view
Entry Topical Term
001 - CONTROL NUMBER
- control field: 10076
003 - CONTROL NUMBER IDENTIFIER
- control field: OSt
005 - DATE AND TIME OF LATEST TRANSACTION
- control field: 20211109142641.0
008 - FIXED-LENGTH DATA ELEMENTS
- fixed length control field: 211109|| aca||aabn | a|a d
040 ## - CATALOGING SOURCE
- Original cataloging agency: OSt
- Transcribing agency: OSt
150 ## - HEADING--TOPICAL TERM
- Topical term or geographic name entry element: Civilization Jewish Influence
670 ## - SOURCE DATA FOUND
- Source citation: Work cat.: (OSt): Amos Elon 10073, Pity of it All: A Portrait of Jews in Germany 1743-1933, 2002